| 000 | 00558nam a22001697a 4500 | ||
|---|---|---|---|
| 005 | 20251108164802.0 | ||
| 008 | 250721s1993 xx 000 0 ara d | ||
| 082 | 1 | 4 | _a616.08/رشا |
| 100 | 1 | _aموسى، رشاد علي عبد العزيز | |
| 245 | 1 | 0 | _aدراسات في علم النفس المرضي / |
| 264 | 1 |
_aالقاهره : _bدار المعرفة - مؤسسة مختار للنشر و توزيع الكتب، _c1993. |
|
| 300 | _a784ص | ||
| 650 | 1 | 7 | _aالطب النفسي |
| 650 | 1 | 7 | _aالكآبة |
| 942 |
_2ddc _cBK |
||
| 999 |
_c14317 _d14317 |
||